[Event "Europa ch s-14"]
[Site "Herceg Novi MNT"]
[Date "2008.09.22"]
[Round "7.12"]
[White "Eranyan, Khachatur"]
[Black "Juhasz, Kristof"]
[Result "1-0"]
[WhiteElo "1963"]
[BlackElo "2175"]
[PlyCount "85"]
[EventDate "2008.09.15"]
[EventType "swiss"]
[EventRounds "9"]
[Source "lmi"]
[SourceDate "2008.09.15"]

1. d4 Nf6 2. c4 e6 3. Nc3 Bb4 4. e3 b6 5. Bd3 Bb7 6. f3 O-O 7. Nge2 c5 8. O-O
cxd4 9. exd4 d5 10. Bg5 Be7 11. b3 Nc6 12. Kh1 Rc8 13. Rc1 Nb4 14. Bb1 dxc4 15.
bxc4 Qd7 16. a3 Nc6 17. Qd3 g6 18. Ne4 Nxe4 19. Bxe7 Nf2+ 20. Rxf2 Nxe7 21. Ng3
Rfd8 22. Rd2 b5 23. c5 e5 24. dxe5 Qc7 25. Qe2 Rxd2 26. Qxd2 Qxe5 27. Be4 Bd5
28. Bxd5 Qxd5 29. Qc3 f5 30. Ne2 Nc6 31. Nf4 Qf7 32. Qd3 b4 33. axb4 Nxb4 34.
Qd6 Qc7 35. Qe6+ Kg7 36. Qc4 Qb7 37. Ne6+ Kf6 38. Re1 g5 39. Qd4+ Kg6 40. Nd8
Qd5 41. Re6+ Kh5 42. g4+ fxg4 43. Qxg4# 1-0

[Event "Europa ch s-14"]
[Site "Herceg Novi MNT"]
[Date "2008.09.22"]
[Round "7.13"]
[White "Nikologorskiy, Konstantin"]
[Black "De Filomeno, Simone"]
[Result "0-1"]
[WhiteElo "2174"]
[BlackElo "2102"]
[PlyCount "104"]
[EventDate "2008.09.15"]
[EventType "swiss"]
[EventRounds "9"]
[Source "lmi"]
[SourceDate "2008.09.15"]

1. c4 e5 2. Nc3 Nf6 3. g3 d5 4. cxd5 Nxd5 5. Bg2 Ne7 6. Nf3 Nbc6 7. O-O g6 8.
d3 Bg7 9. Rb1 O-O 10. b4 a6 11. a4 h6 12. Ba3 Nd4 13. Nd2 c6 14. e3 Ne6 15. Nc4
Nd5 16. Qb3 Nxc3 17. Qxc3 e4 18. d4 Re8 19. b5 c5 20. Bxe4 cxd4 21. exd4 Nxd4
22. Qd3 axb5 23. axb5 f5 24. Bf3 Ra4 25. Rfd1 Qc7 26. Nd6 Rd8 27. b6 Qb8 28.
Rbc1 Rxa3 29. Qxa3 Rxd6 30. Qa7 Nxf3+ 31. Kg2 Rxd1 32. Rxd1 Qe5 33. Qa8 Qe8 34.
Rc1 Bd7 35. Qxe8+ Bxe8 36. Kxf3 Be5 37. Ke3 Bc6 38. f4 Bd6 39. Kd4 Kf7 40. h4
Kf6 41. Rc2 g5 42. hxg5+ hxg5 43. Rh2 Kg6 44. Re2 Be4 45. g4 gxf4 46. gxf5+
Bxf5 47. Kd5 Bb4 48. Kc4 Bf8 49. Rg2+ Kh5 50. Rh2+ Kg4 51. Rh8 f3 52. Rg8+ Kf4
0-1

[Event "Europa ch s-14"]
[Site "Herceg Novi MNT"]
[Date "2008.09.22"]
[Round "7.14"]
[White "Van Der Lende, Ilias"]
[Black "Sanchez Ibern, Marc"]
[Result "1-0"]
[WhiteElo "1978"]
[BlackElo "2161"]
[PlyCount "65"]
[EventDate "2008.09.15"]
[EventType "swiss"]
[EventRounds "9"]
[Source "lmi"]
[SourceDate "2008.09.15"]

1. e4 c5 2. c3 d5 3. exd5 Qxd5 4. d4 Nf6 5. Nf3 Nc6 6. Be3 cxd4 7. cxd4 e6 8.
Nc3 Qd6 9. a3 Be7 10. Bd3 O-O 11. O-O b6 12. Qe2 Bb7 13. Rad1 Rad8 14. b4 Qb8
15. Bg5 h6 16. Bh4 Kh8 17. Bb1 Qa8 18. Rfe1 a6 19. d5 exd5 20. Qd3 Ne4 21. Nxd5
f5 22. Rxe4 Rxd5 23. Qxd5 Rd8 24. Qxf5 Rxd1+ 25. Re1 Rxe1+ 26. Nxe1 Qg8 27.
Bxe7 Nxe7 28. Qd7 Qb3 29. Qxb7 Qxb1 30. Qxe7 Qa1 31. g3 Qxa3 32. Qd8+ Kh7 33.
Qd3+ 1-0

[Event "Europa ch s-14"]
[Site "Herceg Novi MNT"]
[Date "2008.09.22"]
[Round "7.15"]
[White "Emiroglu, Cankut"]
[Black "Danilenko, Dmitriy"]
[Result "0-1"]
[WhiteElo "2028"]
[BlackElo "2209"]
[PlyCount "84"]
[EventDate "2008.09.15"]
[EventType "swiss"]
[EventRounds "9"]
[Source "lmi"]
[SourceDate "2008.09.15"]

1. e4 Nf6 2. e5 Nd5 3. d4 d6 4. Nf3 dxe5 5. Nxe5 c6 6. Bc4 Nd7 7. Nf3 e6 8. O-O
b5 9. Bd3 Bb7 10. a3 Be7 11. b3 N5b6 12. Bb2 O-O 13. Qe2 Qc7 14. Nbd2 Nd5 15.
g3 a6 16. c4 N5f6 17. Rac1 bxc4 18. bxc4 c5 19. Ne4 cxd4 20. Nxd4 Nc5 21. Nxf6+
Bxf6 22. Bb1 Rad8 23. Rcd1 e5 24. Nf5 Qc6 25. f3 Rxd1 26. Qxd1 Qb6 27. Rf2 Rd8
28. Qe2 Qb3 29. Be4 Rd1+ 30. Kg2 Bxe4 31. fxe4 Nd3 32. Qg4 Nxf2 33. Nh6+ Kf8
34. Qc8+ Rd8 35. Qc5+ Be7 36. Qxe5 f6 37. Qe6 gxh6 38. Bxf6 Qb7 39. Bxe7+ Qxe7
40. Qf5+ Kg8 41. e5 Rf8 42. Qh5 Qb7+ 0-1

[Event "Europa ch s-14"]
[Site "Herceg Novi MNT"]
[Date "2008.09.22"]
[Round "7.17"]
[White "Meskovs, Nikita"]
[Black "Sarchisov, Slavik"]
[Result "0-1"]
[WhiteElo "2177"]
[BlackElo "2022"]
[PlyCount "102"]
[EventDate "2008.09.15"]
[EventType "swiss"]
[EventRounds "9"]
[Source "lmi"]
[SourceDate "2008.09.15"]

1. d4 Nf6 2. c4 e6 3. Nc3 Bb4 4. f3 c5 5. d5 Bxc3+ 6. bxc3 d6 7. e4 e5 8. Bd3
Nbd7 9. Ne2 Nf8 10. h4 h5 11. Bg5 N8h7 12. Be3 Bd7 13. Qd2 Qc7 14. Ng3 g6 15.
O-O O-O-O 16. Bg5 Rdg8 17. Kf2 Nxg5 18. hxg5 Nh7 19. f4 f6 20. fxe5 fxe5 21.
Kg1 Qd8 22. Rf2 Qxg5 23. Qxg5 Nxg5 24. Raf1 Be8 25. a4 Nh7 26. Rb2 Rf8 27. Rfb1
Rf7 28. a5 Ng5 29. Nf1 Rhh7 30. Nh2 Rf4 31. g3 Rf6 32. Ra1 Kb8 33. Rab1 Nf3+
34. Kg2 Nxh2 35. Kxh2 Rf3 36. a6 Rxd3 37. Rxb7+ Rxb7 38. Rxb7+ Kc8 39. Rxa7
Rd2+ 40. Kg1 Ra2 41. Ra8+ Kd7 42. a7 Ke7 43. Kf1 g5 44. Kg1 h4 45. g4 h3 46.
Kh1 h2 47. Rb8 Rxa7 48. Kxh2 Ra2+ 49. Kg3 Ra3 50. Kf2 Rxc3 51. Rb7+ Bd7 0-1

[Event "Europa ch s-14"]
[Site "Herceg Novi MNT"]
[Date "2008.09.22"]
[Round "7.18"]
[White "Rindlisbacher, Jan"]
[Black "Feher, Adam"]
[Result "0-1"]
[WhiteElo "1999"]
[BlackElo "2160"]
[PlyCount "78"]
[EventDate "2008.09.15"]
[EventType "swiss"]
[EventRounds "9"]
[Source "lmi"]
[SourceDate "2008.09.15"]

1. d4 c5 2. d5 e5 3. e4 d6 4. Nc3 Be7 5. Nf3 Bg4 6. h3 Bxf3 7. Qxf3 a6 8. Qg4
g6 9. a4 h5 10. Qg3 Nd7 11. b3 b6 12. Be2 Bh4 13. Qf3 Bg5 14. Bb2 Qf6 15. Qd3
Ne7 16. g3 Qg7 17. Nd1 O-O 18. g4 h4 19. Ne3 Bxe3 20. Qxe3 g5 21. Bd3 Ra7 22.
Qe2 Rfa8 23. f4 gxf4 24. g5 Qxg5 25. Qf2 Ng6 26. Rg1 Qh6 27. Qf3 Nf6 28. Be2
Kh7 29. Kd2 Rg8 30. Rg4 Raa8 31. Rh1 Ne7 32. Bc1 Rg6 33. Kd3 Nexd5 34. c3 Nc7
35. Qf2 Nxg4 36. hxg4 Qg5 37. Rxh4+ Rh6 38. Rxh6+ Qxh6 39. Kc2 Rh8 0-1

[Event "Europa ch s-14"]
[Site "Herceg Novi MNT"]
[Date "2008.09.22"]
[Round "7.19"]
[White "Srbis, Jurica"]
[Black "Andreev, Sasho"]
[Result "1-0"]
[WhiteElo "2116"]
[BlackElo "2021"]
[PlyCount "97"]
[EventDate "2008.09.15"]
[EventType "swiss"]
[EventRounds "9"]
[Source "lmi"]
[SourceDate "2008.09.15"]

1. e4 c6 2. d4 d5 3. f3 Nf6 4. e5 Nfd7 5. f4 c5 6. Nf3 e6 7. Be3 b6 8. Be2 g6
9. O-O h5 10. Kh1 Bh6 11. c4 dxc4 12. d5 Nf8 13. Bxc4 Bb7 14. Qa4+ Nbd7 15. d6
a6 16. Qc2 Ra7 17. Bd3 Qa8 18. Nbd2 Rg8 19. Be4 Bd5 20. Rae1 Bxe4 21. Nxe4 Qd5
22. b4 Ra8 23. bxc5 bxc5 24. Qa4 Kd8 25. Rd1 Qb7 26. Rb1 Qc8 27. Bd2 Nh7 28.
Nfg5 Bxg5 29. fxg5 Ke8 30. Rbc1 Kf8 31. Be3 Kg7 32. Nxc5 Nxc5 33. Rxc5 Qd8 34.
Rc7 Rf8 35. Qf4 Rc8 36. Rxf7+ Kg8 37. Rxf8+ Qxf8 38. Qxf8+ Nxf8 39. Rb1 Nd7 40.
h3 Nxe5 41. Rb7 Rd8 42. Bd4 Nc6 43. Bc5 Ne5 44. Re7 Rc8 45. Bb6 Rb8 46. Bc7
Rb1+ 47. Kh2 Rd1 48. Rxe6 Rd5 49. Rxe5 1-0

[Event "Europa ch s-14"]
[Site "Herceg Novi MNT"]
[Date "2008.09.22"]
[Round "7.20"]
[White "Admiraal, Miguoel"]
[Black "Kotainy, Jens"]
[Result "0-1"]
[WhiteElo "1944"]
[BlackElo "2112"]
[PlyCount "70"]
[EventDate "2008.09.15"]
[EventType "swiss"]
[EventRounds "9"]
[Source "lmi"]
[SourceDate "2008.09.15"]

1. e4 Nf6 2. Nc3 d5 3. e5 d4 4. exf6 dxc3 5. bxc3 exf6 6. d4 Be7 7. Bd3 Nc6 8.
Ne2 O-O 9. O-O Bd6 10. Bf4 Ne7 11. Qd2 Bf5 12. Rfe1 Re8 13. Rab1 Rb8 14. Bxd6
Qxd6 15. Ng3 Bxd3 16. Qxd3 Nd5 17. Nf5 Qd7 18. Qf3 g6 19. c4 Nb6 20. c5 Na4 21.
Nh6+ Kg7 22. Qf4 Nc3 23. Ng4 Qf5 24. Qh6+ Kg8 25. Qh4 Nxb1 26. Rxb1 Kg7 27.
Qh6+ Kh8 28. Ne3 Qe4 29. Rd1 Rbd8 30. c3 b6 31. cxb6 axb6 32. g3 Qf3 33. Rd2
Re4 34. c4 Rde8 35. d5 Rxc4 0-1

[Event "Europa ch s-14"]
[Site "Herceg Novi MNT"]
[Date "2008.09.22"]
[Round "7.21"]
[White "Havas, Janko"]
[Black "Horvat, Dan-Sebastian"]
[Result "1/2-1/2"]
[WhiteElo "1930"]
[BlackElo "2096"]
[PlyCount "82"]
[EventDate "2008.09.15"]
[EventType "swiss"]
[EventRounds "9"]
[Source "lmi"]
[SourceDate "2008.09.15"]

1. d4 d5 2. c4 c6 3. Nc3 e5 4. cxd5 cxd5 5. e3 exd4 6. Qxd4 Nf6 7. Nf3 Nc6 8.
Bb5 a6 9. Bxc6+ bxc6 10. O-O Bd6 11. h3 O-O 12. Qd1 Bb8 13. Qa4 Bd7 14. Rd1 Re8
15. Qc2 Qc7 16. b3 Qc8 17. Kf1 Bf5 18. Qb2 Qc7 19. Ne2 Be4 20. Neg1 a5 21. Qc3
Qb6 22. Ba3 Qa6+ 23. Ke1 a4 24. Bc5 Bxf3 25. gxf3 Be5 26. Bd4 Bxd4 27. Qxd4
axb3 28. axb3 Qb5 29. b4 h6 30. Ne2 Rxa1 31. Rxa1 Rb8 32. Rc1 Qa4 33. Rb1 Qc2
34. Rb2 Qf5 35. Qf4 Qxf4 36. Nxf4 Kf8 37. Nd3 Nd7 38. Rc2 Rb6 39. Ke2 Ke7 40.
Rc1 g6 41. Ra1 Kd6 1/2-1/2

[Event "Europa ch s-14"]
[Site "Herceg Novi MNT"]
[Date "2008.09.22"]
[Round "7.22"]
[White "Gabuzyan, Hovhannes"]
[Black "Ostovic, Matija"]
[Result "1/2-1/2"]
[WhiteElo "2079"]
[BlackElo "1976"]
[PlyCount "80"]
[EventDate "2008.09.15"]
[EventType "swiss"]
[EventRounds "9"]
[Source "lmi"]
[SourceDate "2008.09.15"]

1. c4 d6 2. Nc3 c6 3. g3 Nf6 4. Bg2 g6 5. e3 Bg7 6. Nge2 O-O 7. O-O e5 8. b3
Nbd7 9. Ba3 Qc7 10. d4 Re8 11. Qd2 e4 12. Qc2 d5 13. cxd5 cxd5 14. Rfc1 Qa5 15.
Bd6 Bf8 16. b4 Qb6 17. Bxf8 Nxf8 18. Qb3 Be6 19. a4 a6 20. a5 Qd6 21. Na4 h5
22. b5 Bg4 23. Nec3 Qe6 24. Nc5 Qf5 25. bxa6 bxa6 26. h3 Bxh3 27. Nxd5 Ng4 28.
Nf4 Bxg2 29. Kxg2 Rab8 30. Qd5 Rb2 31. Qxf5 Nxe3+ 32. Kg1 Nxf5 33. Nd5 Kg7 34.
Nxa6 e3 35. fxe3 Nxg3 36. Rcb1 Rd2 37. Nc5 h4 38. Rd1 Rc2 39. Nb4 Re2 40. Re1
R8xe3 1/2-1/2

[Event "Europa ch s-14"]
[Site "Herceg Novi MNT"]
[Date "2008.09.22"]
[Round "7.24"]
[White "Skoulakis, Charalambos"]
[Black "Malureanu, Costin George"]
[Result "1-0"]
[WhiteElo "2050"]
[BlackElo "1858"]
[PlyCount "83"]
[EventDate "2008.09.15"]
[EventType "swiss"]
[EventRounds "9"]
[Source "lmi"]
[SourceDate "2008.09.15"]

1. e4 c5 2. Nf3 Nc6 3. Bb5 g6 4. Bxc6 bxc6 5. O-O Nf6 6. e5 Nd5 7. c4 Nc7 8.
Nc3 Bg7 9. d3 O-O 10. Be3 Ne6 11. Ne4 Qa5 12. Qc1 Nd4 13. Nxd4 cxd4 14. Bxd4
Bxe5 15. Qh6 f6 16. Bc5 Rf7 17. d4 Bc7 18. Bxe7 Qf5 19. Nd6 Bxd6 20. Bxd6 Qd3
21. Rfe1 Ba6 22. b3 Qxd4 23. Rad1 Qg4 24. Rd3 Qg5 25. Qxg5 fxg5 26. Rde3 Rf6
27. c5 Re6 28. Rxe6 dxe6 29. Rxe6 Bb5 30. Re7 a5 31. Be5 Rd8 32. h3 Rd1+ 33.
Kh2 Rd5 34. Bd6 a4 35. bxa4 Bxa4 36. Ra7 Bb5 37. a4 Bf1 38. a5 Rd2 39. a6 Ra2
40. Ra8+ Kg7 41. a7 Bc4 42. Bc7 1-0

[Event "Europa ch s-14"]
[Site "Herceg Novi MNT"]
[Date "2008.09.22"]
[Round "7.25"]
[White "Stoyanov, Ivaylo"]
[Black "Beijerinck, Nick"]
[Result "0-1"]
[WhiteElo "1978"]
[BlackElo "2106"]
[PlyCount "70"]
[EventDate "2008.09.15"]
[EventType "swiss"]
[EventRounds "9"]
[Source "lmi"]
[SourceDate "2008.09.15"]

1. e4 c5 2. Nf3 d6 3. d4 cxd4 4. Nxd4 Nf6 5. Nc3 g6 6. g3 Bg7 7. Bg2 O-O 8. h3
Nc6 9. Nde2 Rb8 10. a4 a6 11. O-O b5 12. axb5 axb5 13. Be3 Nd7 14. Ra2 Nc5 15.
b3 Nb4 16. Ra3 Nxc2 17. Qxc2 b4 18. Bxc5 dxc5 19. Rd1 Qe8 20. Ra5 bxc3 21. Nxc3
Bd4 22. Nd5 Be6 23. Ra7 Bxd5 24. exd5 e5 25. Kh2 c4 26. Ra3 Qe7 27. d6 Qxd6 28.
Qa2 Qc5 29. bxc4 Rb2 30. Qa1 Rxf2 31. Rxd4 Qxd4 32. Qc1 Rd8 33. Rf3 e4 34. Rxf2
Qxf2 35. Qg1 Qd2 0-1

[Event "Europa ch s-14"]
[Site "Herceg Novi MNT"]
[Date "2008.09.22"]
[Round "7.27"]
[White "Blazeka, Matej"]
[Black "Andersen, Mads"]
[Result "0-1"]
[WhiteElo "1970"]
[BlackElo "2092"]
[PlyCount "66"]
[EventDate "2008.09.15"]
[EventType "swiss"]
[EventRounds "9"]
[Source "lmi"]
[SourceDate "2008.09.15"]

1. e4 c5 2. Nf3 d6 3. d4 cxd4 4. Nxd4 Nf6 5. Nc3 a6 6. Be3 e6 7. Be2 Be7 8. O-O
O-O 9. Qe1 Nc6 10. Kh1 Bd7 11. f4 b5 12. a3 Qb8 13. Bf3 Nxd4 14. Bxd4 e5 15.
fxe5 dxe5 16. Nd5 Nxd5 17. exd5 Bd6 18. Bc3 f5 19. Bb4 Rf6 20. Bxd6 Qxd6 21.
Rd1 Rc8 22. c3 e4 23. Be2 f4 24. Rd4 Re8 25. c4 f3 26. Bd1 fxg2+ 27. Kxg2 Bh3+
28. Kxh3 Rh6+ 29. Kg4 Qg6+ 30. Kf4 Qf6+ 31. Ke3 Rh3+ 32. Ke2 Qxd4 33. Qf2 Qxb2+
0-1

[Event "Europa ch s-14"]
[Site "Herceg Novi MNT"]
[Date "2008.09.22"]
[Round "7.39"]
[White "Kadric, Denis"]
[Black "Lortkipanidze, Nodar"]
[Result "0-1"]
[WhiteElo "1904"]
[BlackElo "2080"]
[PlyCount "40"]
[EventDate "2008.09.15"]
[EventType "swiss"]
[EventRounds "9"]
[Source "lmi"]
[SourceDate "2008.09.15"]

1. e4 d5 2. exd5 Qxd5 3. Nc3 Qa5 4. d4 Nf6 5. Bd3 Nc6 6. Nge2 e5 7. Bb5 Bd7 8.
Bd2 O-O-O 9. Bc4 exd4 10. Nd5 Qc5 11. Nxf6 gxf6 12. Bxf7 Ne5 13. Bh5 d3 14. Nc3
Bc6 15. Be3 Qb4 16. Rb1 Bxg2 17. Rg1 dxc2 18. Qxc2 Nd3+ 19. Ke2 Qc4 20. Qb3
Nc1+ 0-1

[Event "Europa ch s-14"]
[Site "Herceg Novi MNT"]
[Date "2008.09.23"]
[Round "8.1"]
[White "Bukavshin, Ivan"]
[Black "Grigoryan, Karen H"]
[Result "1/2-1/2"]
[WhiteElo "2350"]
[BlackElo "2097"]
[PlyCount "43"]
[EventDate "2008.09.15"]
[EventType "swiss"]
[EventRounds "9"]
[Source "lmi"]
[SourceDate "2008.09.15"]

1. d4 d5 2. c4 c6 3. Nf3 Nf6 4. e3 e6 5. Nc3 Nbd7 6. Qc2 Bd6 7. e4 dxe4 8. Nxe4
Nxe4 9. Qxe4 c5 10. Bg5 Be7 11. Bxe7 Qa5+ 12. Ke2 Kxe7 13. g3 Qb4 14. b3 Qa3
15. Qc2 b5 16. cxb5 Bb7 17. dxc5 Nxc5 18. Qc1 Qb4 19. Qc4 Qa3 20. Qc1 Qb4 21.
Qc4 Qa3 22. Qc1 1/2-1/2

[Event "Europa ch s-14"]
[Site "Herceg Novi MNT"]
[Date "2008.09.23"]
[Round "8.2"]
[White "Kovalev, Vladislav"]
[Black "Sochacki, Christophe"]
[Result "1/2-1/2"]
[WhiteElo "2315"]
[BlackElo "2221"]
[PlyCount "129"]
[EventDate "2008.09.15"]
[EventType "swiss"]
[EventRounds "9"]
[Source "lmi"]
[SourceDate "2008.09.15"]

1. e4 e6 2. d4 d5 3. Nc3 Nf6 4. e5 Nfd7 5. f4 c5 6. Nf3 Nc6 7. Be3 cxd4 8. Nxd4
Bc5 9. Qd2 O-O 10. O-O-O a6 11. Qf2 Bxd4 12. Bxd4 b5 13. Bd3 b4 14. Ne2 a5 15.
Be3 Ba6 16. Nd4 Nxd4 17. Bxd4 Qc7 18. Kb1 Rfc8 19. Rhe1 a4 20. g4 b3 21. cxb3
axb3 22. a3 h6 23. Qe2 Bxd3+ 24. Rxd3 Qa5 25. Rxb3 Rc4 26. Rd1 Qa4 27. Rbd3
Rac8 28. b3 Qb5 29. Qb2 R4c7 30. f5 Qa5 31. h4 Qa6 32. f6 gxf6 33. exf6 e5 34.
Bg1 Qxf6 35. Rxd5 Qg6+ 36. R5d3 Rc3 37. Qd2 Rxb3+ 38. Ka2 Rxd3 39. Qxd3 Qxg4
40. Qxd7 Rc2+ 41. Kb1 Qc4 42. Qe8+ Kh7 43. Qxf7+ Qxf7 44. Kxc2 Qa2+ 45. Kd3
Qxa3+ 46. Ke2 Qh3 47. Be3 Qg4+ 48. Kd2 Qb4+ 49. Ke2 Kg6 50. Rg1+ Kf5 51. Bf2
Qe4+ 52. Kf1 Qd3+ 53. Kg2 Kg4 54. Kh2+ Kf4 55. Rg3 Qe2 56. Kg2 e4 57. Kg1 Qd2
58. Kg2 Qc1 59. Rh3 Qd2 60. Rg3 Qe2 61. Kg1 Qd1+ 62. Kg2 Qd2 63. Kg1 Qd5 64.
Kh2 Qh5 65. Kg1 1/2-1/2

[Event "Europa ch s-14"]
[Site "Herceg Novi MNT"]
[Date "2008.09.23"]
[Round "8.4"]
[White "Dragun, Kamil"]
[Black "Baboyan, Eduard"]
[Result "1/2-1/2"]
[WhiteElo "2240"]
[BlackElo "2125"]
[PlyCount "83"]
[EventDate "2008.09.15"]
[EventType "swiss"]
[EventRounds "9"]
[Source "lmi"]
[SourceDate "2008.09.15"]

1. e4 c5 2. Nf3 Nc6 3. d4 cxd4 4. Nxd4 g6 5. c4 Bg7 6. Be3 Nf6 7. Nc3 Ng4 8.
Qxg4 Bxd4 9. Bxd4 Nxd4 10. Qd1 Nc6 11. Be2 d6 12. Qd2 O-O 13. h4 f6 14. f4 Qa5
15. g4 h6 16. O-O-O Kg7 17. f5 g5 18. hxg5 hxg5 19. Rh5 Rh8 20. Rxh8 Kxh8 21.
Qe3 Bd7 22. Qh3+ Kg7 23. Rh1 Rg8 24. Bd1 Ne5 25. Bb3 Qc5 26. Nd5 Nf7 27. Nxe7
Rh8 28. Qg2 Rxh1+ 29. Qxh1 Ne5 30. Kb1 Qd4 31. Ng6 Nxg6 32. fxg6 Kxg6 33. a3
Bxg4 34. Qh8 Bd1 35. Qe8+ Kh6 36. Qh8+ Kg6 37. Qe8+ Kg7 38. Bxd1 Qxd1+ 39. Ka2
Qd4 40. Qe6 Qc5 41. Qe7+ Kg6 42. Qe8+ 1/2-1/2

[Event "Europa ch s-14"]
[Site "Herceg Novi MNT"]
[Date "2008.09.23"]
[Round "8.5"]
[White "De Filomeno, Simone"]
[Black "Wieczorek, Oskar"]
[Result "1/2-1/2"]
[WhiteElo "2102"]
[BlackElo "2232"]
[PlyCount "72"]
[EventDate "2008.09.15"]
[EventType "swiss"]
[EventRounds "9"]
[Source "lmi"]
[SourceDate "2008.09.15"]

1. e4 d6 2. d4 Nf6 3. Nc3 g6 4. g3 Bg7 5. Bg2 O-O 6. Nge2 e5 7. dxe5 dxe5 8.
Qxd8 Rxd8 9. Nd5 Nxd5 10. exd5 Bf5 11. Bg5 f6 12. Be3 Bf8 13. O-O-O Na6 14. a3
Nc5 15. Nc3 a5 16. h3 h5 17. Bf3 Bd7 18. g4 h4 19. Bxc5 Bxc5 20. Ne4 Be7 21. d6
cxd6 22. Nxd6 Bc6 23. Bxc6 bxc6 24. Nc4 Kf7 25. Rxd8 Bxd8 26. Rd1 Be7 27. Rd7
Ke6 28. Rc7 Bc5 29. Kd2 Kd5 30. Ne3+ Bxe3+ 31. Kxe3 a4 32. Rd7+ Ke6 33. Rc7 Kd6
34. Rf7 Ke6 35. Rc7 Kd5 36. Rd7+ Ke6 1/2-1/2

[Event "Europa ch s-14"]
[Site "Herceg Novi MNT"]
[Date "2008.09.23"]
[Round "8.7"]
[White "Pasiev, Rakhim"]
[Black "Seegert, Kristian"]
[Result "0-1"]
[WhiteElo "2178"]
[BlackElo "2024"]
[PlyCount "64"]
[EventDate "2008.09.15"]
[EventType "swiss"]
[EventRounds "9"]
[Source "lmi"]
[SourceDate "2008.09.15"]

1. e4 e5 2. d4 exd4 3. Qxd4 Nc6 4. Qe3 Nf6 5. Bd2 Bb4 6. Nc3 O-O 7. O-O-O Re8
8. Qg3 Rxe4 9. a3 Bd6 10. f4 Re8 11. Bd3 Bf8 12. Nf3 d5 13. Rde1 Rxe1+ 14. Rxe1
d4 15. Ne4 Bf5 16. Nfg5 Nxe4 17. Nxe4 Be7 18. Qf3 Qd7 19. h3 Be6 20. f5 Bxf5
21. Nc5 Bxc5 22. Bxf5 Qd8 23. Qh5 g6 24. Bxg6 hxg6 25. Qxc5 Qd7 26. Rf1 Re8 27.
Qg5 Re5 28. Qg3 Qe6 29. Kb1 Re2 30. Bg5 Rxc2 31. Rf6 Qe4 32. Ka1 Rxg2 0-1

[Event "Europa ch s-14"]
[Site "Herceg Novi MNT"]
[Date "2008.09.23"]
[Round "8.8"]
[White "Moiseenko, Vadim"]
[Black "Eranyan, Khachatur"]
[Result "1-0"]
[WhiteElo "2225"]
[BlackElo "1963"]
[PlyCount "61"]
[EventDate "2008.09.15"]
[EventType "swiss"]
[EventRounds "9"]
[Source "lmi"]
[SourceDate "2008.09.15"]

1. e4 c5 2. Nf3 Nc6 3. d4 cxd4 4. Nxd4 Nf6 5. Nc3 e5 6. Ndb5 d6 7. Bg5 a6 8.
Na3 b5 9. Bxf6 gxf6 10. Nd5 f5 11. Bxb5 axb5 12. Nxb5 Ra4 13. b4 Qg5 14. O-O f4
15. c3 Bh3 16. g3 Ra3 17. Nxa3 Bh6 18. Qa4 O-O 19. Qxc6 f5 20. exf5 Qg4 21. Qc4
Kh8 22. f3 Qg7 23. Qc7 Qg8 24. Qxd6 fxg3 25. Qxe5+ Bg7 26. Qxg3 Qxd5 27. Qxh3
Bxc3 28. Rad1 Qxa2 29. Rd7 Bg7 30. Rxg7 Kxg7 31. Qg2+ 1-0

[Event "Europa ch s-14"]
[Site "Herceg Novi MNT"]
[Date "2008.09.23"]
[Round "8.14"]
[White "Pintor Munoz, Antonio"]
[Black "Straka, Josef Jr"]
[Result "1-0"]
[WhiteElo "2076"]
[BlackElo "2122"]
[PlyCount "47"]
[EventDate "2008.09.15"]
[EventType "swiss"]
[EventRounds "9"]
[Source "lmi"]
[SourceDate "2008.09.15"]

1. e4 c5 2. Nc3 Nc6 3. f4 d6 4. Nf3 Nf6 5. Bc4 e6 6. d3 Be7 7. O-O O-O 8. a3 a6
9. Kh1 b6 10. Qe1 Bb7 11. e5 dxe5 12. fxe5 Nd7 13. Qg3 Nd4 14. Nxd4 Bh4 15. Qf4
cxd4 16. Qxd4 Qe7 17. Bf4 Rad8 18. Qe3 Kh8 19. Ne4 f6 20. d4 g5 21. exf6 Nxf6
22. Be5 g4 23. Nxf6 Bxf6 24. Qg5 1-0

[Event "Europa ch s-14"]
[Site "Herceg Novi MNT"]
[Date "2008.09.23"]
[Round "8.15"]
[White "Sarchisov, Slavik"]
[Black "Pardo Simon, David"]
[Result "0-1"]
[WhiteElo "2022"]
[BlackElo "2204"]
[PlyCount "84"]
[EventDate "2008.09.15"]
[EventType "swiss"]
[EventRounds "9"]
[Source "lmi"]
[SourceDate "2008.09.15"]

1. e4 e5 2. Nf3 Nc6 3. Bc4 Nf6 4. Ng5 d5 5. exd5 Na5 6. Bb5+ Bd7 7. Qe2 Be7 8.
O-O Nxd5 9. Bxd7+ Qxd7 10. d3 Nc6 11. Nf3 f6 12. Be3 O-O-O 13. Nbd2 g5 14. Nb3
Rhg8 15. Nfd2 h5 16. Ne4 b6 17. Rfd1 f5 18. Nc3 Nf4 19. Bxf4 gxf4 20. f3 Rg6
21. Rd2 Rdg8 22. Qf1 Nd4 23. Kh1 h4 24. Nxd4 h3 25. gxh3 Qxd4 26. Qf2 Qxf2 27.
Rxf2 Bc5 28. Rff1 Rg2 29. Na4 Be3 30. c4 Rc2 31. Rg1 Bxg1 32. Rxg1 Rxg1+ 33.
Kxg1 Rd2 34. h4 Rxd3 35. Kg2 Kd7 36. Kf1 Ke6 37. Ke2 Re3+ 38. Kf2 e4 39. fxe4
fxe4 40. Nc3 c6 41. h5 Kf5 42. h4 Rh3 0-1

[Event "Europa ch s-14"]
[Site "Herceg Novi MNT"]
[Date "2008.09.23"]
[Round "8.16"]
[White "Kezin, Roman"]
[Black "Andersen, Mads"]
[Result "0-1"]
[WhiteElo "2235"]
[BlackElo "2092"]
[PlyCount "64"]
[EventDate "2008.09.15"]
[EventType "swiss"]
[EventRounds "9"]
[Source "lmi"]
[SourceDate "2008.09.15"]

1. d4 Nf6 2. c4 g6 3. Nf3 Bg7 4. Nc3 d5 5. e3 O-O 6. b4 Be6 7. Qb3 Nc6 8. c5
Ne4 9. b5 Na5 10. Qb4 c6 11. Nxe4 dxe4 12. Nd2 Bd5 13. Be2 f5 14. O-O cxb5 15.
Qxb5 Nc6 16. Bc4 Rb8 17. Bb2 e6 18. Rad1 Rf7 19. Rfe1 b6 20. Ba3 bxc5 21. Qxc5
Bf8 22. Qxf8+ Rxf8 23. Bxf8 Qxf8 24. Bxd5 exd5 25. Rc1 Nb4 26. Rc7 Nd3 27. Rf1
Qa3 28. Rc2 Rb2 29. Rc8+ Kf7 30. Rc7+ Ke8 31. Nb1 Qxa2 32. Nc3 Qa5 0-1

[Event "Europa ch s-14"]
[Site "Herceg Novi MNT"]
[Date "2008.09.23"]
[Round "8.17"]
[White "Juhasz, Kristof"]
[Black "Savoisky, Danny"]
[Result "0-1"]
[WhiteElo "2175"]
[BlackElo "2085"]
[PlyCount "86"]
[EventDate "2008.09.15"]
[EventType "swiss"]
[EventRounds "9"]
[Source "lmi"]
[SourceDate "2008.09.15"]

1. d4 Nf6 2. Nf3 e6 3. c4 b6 4. g3 Bb7 5. Bg2 Be7 6. O-O O-O 7. b3 d6 8. Nc3
Ne4 9. Bb2 f5 10. d5 Nxc3 11. Bxc3 e5 12. b4 Nd7 13. Nd2 Bf6 14. Nb3 Ba6 15.
Nd2 e4 16. Bxf6 Qxf6 17. Qa4 Nb8 18. Rac1 Bc8 19. Rfd1 Bd7 20. Qb3 a5 21. b5
Be8 22. Qc3 Nd7 23. Nb3 Rd8 24. Qxf6 Rxf6 25. g4 e3 26. f3 fxg4 27. fxg4 Bg6
28. Nd4 Nc5 29. Rc3 Re8 30. Ne6 Nxe6 31. dxe6 Rf4 32. h3 Be4 33. Rd4 Rxe6 34.
Rxe3 Bxg2 35. Rxf4 Rxe3 36. Kxg2 Rxe2+ 37. Kg3 Rxa2 38. Kh4 Rc2 39. Kg5 a4 40.
Kf5 a3 41. Rf3 a2 42. Ra3 Rxc4 43. Rxa2 h6 0-1

[Event "Europa ch s-14"]
[Site "Herceg Novi MNT"]
[Date "2008.09.23"]
[Round "8.18"]
[White "Doros, Radu Marian"]
[Black "Nikologorskiy, Konstantin"]
[Result "0-1"]
[WhiteElo "2051"]
[BlackElo "2174"]
[PlyCount "94"]
[EventDate "2008.09.15"]
[EventType "swiss"]
[EventRounds "9"]
[Source "lmi"]
[SourceDate "2008.09.15"]

1. e4 d6 2. d4 Nf6 3. Nc3 g6 4. Be3 Bg7 5. Qd2 c6 6. h3 b5 7. Bd3 Qc7 8. Nf3
Nbd7 9. O-O Bb7 10. a3 a6 11. Bh6 O-O 12. Rfe1 e5 13. dxe5 dxe5 14. Bxg7 Kxg7
15. a4 b4 16. Ne2 c5 17. Ng3 c4 18. Bf1 a5 19. Qg5 Kh8 20. Rad1 Rfe8 21. b3 Ba6
22. Re3 Ng8 23. Nd2 f6 24. Qg4 Nb6 25. bxc4 Nxa4 26. Nb3 Bc8 27. Qf3 Nc3 28.
Ra1 a4 29. Nd2 a3 30. Ne2 Nxe2+ 31. Bxe2 Be6 32. c3 Red8 33. Rd3 b3 34. Rxd8
Qxd8 35. Nxb3 Qb6 36. Bd1 Bxc4 37. Qe3 Qb7 38. Nc5 Qb2 39. Qc1 Qxc1 40. Rxc1 a2
41. Ra1 Rb8 42. Bb3 Bxb3 43. Nxb3 Rxb3 44. Rxa2 Rxc3 45. Ra7 Nh6 46. Re7 Kg8
47. f3 Nf7 0-1